|
|
|
|
| LEADER |
00000nab a2200000 a 4500 |
| 001 |
vtls009086405 |
| 003 |
SK-MaSNL |
| 005 |
20260304151044.0 |
| 008 |
250506c2007 xo |||||||| |000 b|slo |
| 015 |
|
|
|a SNBRB2007/08
|2 snkbucl
|
| 035 |
|
|
|a (uuid)e8842a6d-a474-4d1d-a98c-272e11290679
|
| 035 |
|
|
|a urn:nbn:sk:snk-ab1xs0
|
| 035 |
|
|
|a (urnnbn)urn:nbn:sk:snk:ar-a0174n
|
| 038 |
|
|
|a SNKBUCL
|
| 040 |
|
|
|a SNKBUCL
|b slo
|c SNKBUCL
|e AACR2
|
| 041 |
0 |
|
|a hun
|
| 044 |
|
|
|a xo
|c SK
|
| 080 |
|
|
|a 821.511.141-4=511.141
|2 1997
|
| 100 |
1 |
|
|a Bárdos Deák, Ágnes,
|d 1956-
|4 aut
|9 1472243
|
| 245 |
1 |
0 |
|a Majomkirály
|c Bárdos Deák Ágnes
|
| 300 |
|
|
|b Obr.
|
| 650 |
0 |
7 |
|a eseje, maďarské
|2 snkbucl
|9 582855
|
| 773 |
0 |
|
|t Kalligram : művészet és gondolat
|g Évf. XVI, sz. július-augusztus (2007), o. 27-29
|x 1335-1826
|
| 850 |
|
|
|a Slovenská národná knižnica
|
| 852 |
|
|
|a Slovenská národná knižnica
|
| 958 |
|
|
|a article27
|
| 958 |
|
|
|a OND
|
| 958 |
|
|
|a HU
|
| 958 |
|
|
|a LX
|
| 958 |
|
|
|a EUIPO
|
| 999 |
|
|
|c 2941237
|d 2943167
|